| 000 | 01153nam a2200385 a 4500 | ||
|---|---|---|---|
| 001 | 22952 | ||
| 003 | SK-KTurca | ||
| 005 | 20260513074607.0 | ||
| 008 | 251113s1999 xo a r 0 slo c | ||
| 015 | _aSNBA1999/10-03876 | ||
| 020 | _a8071187968 | ||
| 035 | _aSNK000324483 | ||
| 040 |
_aSNK _bslo _cSNK _eAACR2 _dBJKDG |
||
| 041 | 0 | _aslo | |
| 044 |
_axo _cSK |
||
| 080 |
_a582.85(035) _21981 |
||
| 100 | 1 |
_aHewitt, Terry _4aut |
|
| 240 | 1 | 0 |
_aCacti & succulents _lSlovensky |
| 245 | 1 | 0 |
_aKaktusy a iné sukulenty _cTerry Hewitt ; [z anglického originálu preložila Terézia Šinková] |
| 250 | _a2. vyd. | ||
| 260 |
_aBratislava _bIkar _c1999 |
||
| 300 |
_a72 s. _bfareb. fotogr. _c18 cm |
||
| 490 | 1 | _a101 praktických rád | |
| 500 | _aFotogr. na tit. strane a front. | ||
| 500 | _aÚdaj o prekl. prevzatý z rubu tit. strany | ||
| 504 | _aReg. | ||
| 650 | 0 | 7 |
_akaktusy _2SNKPH |
| 650 | 0 | 7 |
_asukulenty _2SNKPH |
| 655 | 7 |
_apestovanie _2SNKPH |
|
| 655 | 7 |
_apríručky _2SNK |
|
| 700 | 1 |
_aŠinková, Terézia _4trl |
|
| 830 | 0 | _a101 praktických rád | |
| 942 |
_2ddc _cOLDO _n0 |
||
| 999 |
_c22952 _d22952 |
||